000 00209 a2200097 4500
001 34626
100 _aHunt, Roger
245 _aComputers and Common Sense
260 _aND
_bPHI
_c1988
090 _c22909
_d22909
942 _aNUST-CAE
_cM
_c14346
999 _c269699
_d269699